| 000 | 01097nam a2200277Ia 4500 | ||
|---|---|---|---|
| 008 | 130821s2006 xxu gr eng | ||
| 020 | _a9780300122589 | ||
| 040 |
_aCo-BoUCM _bspa |
||
| 041 | 0 | 0 | _aeng |
| 100 | 1 |
_aLevitt, Matthew _d1970- _9165285 |
|
| 245 | 1 | 0 |
_aHamas politics, charity, and terrorism in the service of jihad _cMatthew Levitt ;prólogo de Dennis Ross |
| 260 |
_aNew Haven (Connecticut, Estados Unidos) _bYale University Press _c2006 |
||
| 300 | _axi, 324 páginas | ||
| 504 | _aIncluye bibliografía e índice | ||
| 610 | 2 |
_aHamas (Grupo Terrorista) _xHistoria _9165286 |
|
| 650 | 0 | 4 |
_aDelitos internacionales _97489 |
| 650 | 0 | 4 |
_aFundamentalismo islámico _916217 |
| 650 | 0 | 4 |
_aIslamismo y política _918037 |
| 650 | 0 | 4 |
_aIslamismo _xHistoria _918035 |
| 650 | 0 | 4 |
_aTerrorismo _xAspectos religiosos _928987 |
| 650 | 0 | 4 |
_aViolencia _9422 |
| 710 | 2 |
_aWashington Institute for Near East Policy _9165287 |
|
| 856 | 4 | 1 |
_3Contenido _uhttp://www.loc.gov/catdir/toc/ecip068/2006004381.html |
| 942 |
_cLIBRO _a5 _e1 _mL666h _2DEWEY _h303.625 |
||
| 999 |
_c60843 _d60843 |
||